| 000 | 00523nam a2200217Ia 4500 | ||
|---|---|---|---|
| 008 | 210210b1865 xxu||||| |||| 00| 0 eng d | ||
| 041 | _aeng | ||
| 082 | _a513/18 | ||
| 100 | _aBOOL (G) | ||
| 245 | _aSupplement to a treatise on differential equations | ||
| 260 |
_aCambridge _bMacmillan & Co. Ltd. _c1865 |
||
| 650 | _atreatise | ||
| 650 | _ato | ||
| 650 | _aSupplement | ||
| 650 | _aon | ||
| 650 | _aequations | ||
| 650 | _adifferential | ||
| 650 | _aa | ||
| 690 | _aDifferential Equations | ||
| 906 | _a007298 | ||
| 999 |
_c139718 _d139718 |
||